New themes for educational research and development: (Record no. 34544)

MARC details
000 -LEADER
fixed length control field 00866nam a22002057a 4500
005 - DATE AND TIME OF LATEST TRANSACTION
control field 20100310103710.0
008 - FIXED-LENGTH DATA ELEMENTS--GENERAL INFORMATION
fixed length control field 100310t xxu||||| |||| 00| 0 eng d
010 ## - LCCN (DPL NO)
LC control number ENG-95877
020 ## - INTERNATIONAL STANDARD BOOK NUMBER
International Standard Book Number 9788183161398
Terms of availability 400.00
035 ## - SYSTEM CONTROL NUMBER
System control number EN-79410
037 ## - SOURCE OF ACQUISITION
Source of stock number/acquisition DBAD/PUB
040 ## - CATALOGING SOURCE
Original cataloging agency DPL
100 ## - MAIN ENTRY--PERSONAL NAME
Personal name Ganesan, D. Raja
245 ## - TITLE STATEMENT
Title New themes for educational research and development:
Remainder of title Research in general and education in relation to psychological themes/
Statement of responsibility, etc by D. Raja Ganesan
260 ## - PUBLICATION, DISTRIBUTION, ETC. (IMPRINT)
Place of publication, distribution, etc New Delhi
Name of publisher, distributor, etc Neelkamal Publications Pvt. Ltd.
Date of publication, distribution, etc 2009
270 ## - ADDRESS
Address BG5/9B, Paschim Vihar
City New Delhi
Postal code 110063
300 ## - PHYSICAL DESCRIPTION
Extent x, 187p :
Dimensions 23 cm. (Hb)
Accompanying material References from page 164 to 169 and Index from 170 to 187
942 ## - ADDED ENTRY ELEMENTS (KOHA)
Source of classification or shelving scheme Dewey Decimal Classification
Item type English Books
Call number suffix GAN
Holdings
Withdrawn status Lost status Source of classification or shelving scheme Materials specified (bound volume or other part) Damaged status Not for loan Collection code Home library Current library Date acquired Source of acquisition Cost, normal purchase price Total Checkouts Full call number Barcode Date last seen Copy number Cost, replacement price Koha item type
    Dewey Decimal Classification Hb   Not For Loan Non-fiction D.B.Act.Division D.B.Act.Division 10/03/2010 DBAD/PUB 400.00   GAN EN-79410 10/03/2010 1 400.00 English Books

© Delhi Public Library
Hit Counter
free hit counter